000 00800cab a2200217 4500
001 WB3022-31
008 090401t1994 xxu||||| |||| 00| 0 eng d
035 _a(Sirsi) u66916
041 _aeng
245 _aEstablished use certificate
260 _c1994
350 _a0
490 _aEstates Gazette Case Summaries
_v1994 EGCS 101 (4/6/94)
520 _aIn "R v Sheffield CC, ex parte Power and others" QBD 25 May 1994, an application had been granted for established use certificates for clay pigeon shooting. The issue was whether residents had the right to bring judicial review proceedings.
650 _aCLAY PIGEON SHOOTING
650 _aESTABLISHED USE CERTIFICATES
690 _aLAND-CASE LAW
690 _aPLANNING LAW AND PRACTICE-CASE LAW
942 _n0
948 _c04/03/1997
999 _c41824
_d41824